Calculus for the Managerial, Life, and Social Sciences / (Record no. 31585)
[ view plain ]
| 000 -LEADER | |
|---|---|
| fixed length control field | 01062cam a2200313 a 4500 |
| 001 - CONTROL NUMBER | |
| control field | 13743946 |
| 003 - CONTROL NUMBER IDENTIFIER | |
| control field | OSt |
| 005 - DATE AND TIME OF LATEST TRANSACTION | |
| control field | 20210916115359.0 |
| 008 - FIXED-LENGTH DATA ELEMENTS--GENERAL INFORMATION | |
| fixed length control field | 041007s2006 caua 001 0 eng |
| 010 ## - LIBRARY OF CONGRESS CONTROL NUMBER | |
| LC control number | 2004114814 |
| 020 ## - INTERNATIONAL STANDARD BOOK NUMBER | |
| International Standard Book Number | 0534419860 |
| 038 ## - RECORD CONTENT LICENSOR | |
| Staff Name | khadija |
| 040 ## - CATALOGING SOURCE | |
| Original cataloging agency | DLC |
| Transcribing agency | DLC |
| Modifying agency | DLC |
| 050 00 - LIBRARY OF CONGRESS CALL NUMBER | |
| Classification number | QA303.2 |
| Item number | .T36 2006 |
| 082 00 - DEWEY DECIMAL CLASSIFICATION NUMBER | |
| Classification number | 515 |
| Edition number | 22 |
| Author Mark | TAN |
| 100 1# - MAIN ENTRY--PERSONAL NAME | |
| Personal name | Tan, S. T. |
| Fuller form of name | (Soo Tang) |
| 9 (RLIN) | 35891 |
| 245 10 - TITLE STATEMENT | |
| Title | Calculus for the Managerial, Life, and Social Sciences / |
| Statement of responsibility, etc. | S.T. Tan. |
| 250 ## - EDITION STATEMENT | |
| Edition statement | 7th ed. |
| 260 ## - PUBLICATION, DISTRIBUTION, ETC. | |
| Place of publication, distribution, etc. | Belmont, CA : |
| Name of publisher, distributor, etc. | Thomson Brooks/Cole, |
| Date of publication, distribution, etc. | c2006. |
| 300 ## - PHYSICAL DESCRIPTION | |
| Extent | xxi, 663 p. : |
| Other physical details | col. ill. ; |
| Dimensions | 27 cm. + |
| Accompanying material | 1 CD-ROM (4 3/4 in.) |
| 500 ## - GENERAL NOTE | |
| General note | Includes index. |
| 538 ## - SYSTEM DETAILS NOTE | |
| System details note | System requirements for accompanying CD-ROM: Microsoft Windows and Macintosh. |
| 563 ## - BINDING INFORMATION | |
| Binding note | Hard Cover |
| 650 #0 - SUBJECT ADDED ENTRY--TOPICAL TERM | |
| Topical term or geographic name entry element | Calculus |
| Form subdivision | Textbooks. |
| 9 (RLIN) | 4507 |
| 650 #0 - SUBJECT ADDED ENTRY--TOPICAL TERM | |
| Topical term or geographic name entry element | Social sciences |
| General subdivision | Mathematics |
| Form subdivision | Textbooks. |
| 9 (RLIN) | 35892 |
| 906 ## - LOCAL DATA ELEMENT F, LDF (RLIN) | |
| a | 7 |
| b | cbc |
| c | orignew |
| d | 2 |
| e | epcn |
| f | 20 |
| g | y-gencatlg |
| 942 ## - ADDED ENTRY ELEMENTS (KOHA) | |
| Source of classification or shelving scheme | |
| Koha item type | Book |
| Withdrawn status | Lost status | Source of classification or shelving scheme | Damaged status | Not for loan | Permanent Location | Current Location | Shelving location | Date acquired | Full call number | Barcode | Date last seen | Price effective from | Koha item type | Public note |
|---|---|---|---|---|---|---|---|---|---|---|---|---|---|---|
| School of Mechanical & Manufacturing Engineering (SMME) | School of Mechanical & Manufacturing Engineering (SMME) | General Stacks | 06/26/2015 | 515 TAN | SMME-100 | 03/20/2018 | 06/26/2015 | Book | Rack,47-Shelf,1 |
